Osud hospodárstva je vec verejná

Vývoj slovenského hospodárstva v spoločnom štáte a po rozdelení. Dôsledky rozdelenia ekonomík. Reštrukturalizácia ZTS Dubnica na Váhom a ZVS Dubnica nad Váhom. Výroba a export.

Guardado en:
Detalles Bibliográficos
Autor principal: Končier, P.
Formato: Capítulo de libro
Lenguaje:eslovaco
Materias:
Etiquetas: Agregar Etiqueta
Sin Etiquetas, Sea el primero en etiquetar este registro!

MARC

LEADER 00000naa a2200000 4500
001 r021841
005 20230801105338.2
041 0 |a slo 
044 |a SK 
245 1 0 |a Osud hospodárstva je vec verejná  |c P. Končier 
520 |a Vývoj slovenského hospodárstva v spoločnom štáte a po rozdelení. Dôsledky rozdelenia ekonomík. Reštrukturalizácia ZTS Dubnica na Váhom a ZVS Dubnica nad Váhom. Výroba a export. 
610 2 0 |a hospodárstvo trhové 
610 2 0 |a ČSFR 
610 2 0 |a Slovensko 
610 2 0 |a situácia hospodárska 
610 2 0 |a reštrukturalizácia 
610 2 0 |a ZŤS Dubnica nad Váhom, a.s. Dubnica nad Váhom 
610 2 0 |a ZVS Dubnica nad Váhom, a.s. Dubnica nad Váhom 
610 2 0 |a strojárstvo ťažké 
610 2 0 |a výroba 
610 2 0 |a vývoz 
100 1 |a Končier, P.